Logros de la república de corea en materia de exportación, 1961-1982 /

Guardado en:
Autor Principal: Centro De Comercio Internacional Unctad Gatt
Formato: Libro
Publicado: Ginebra : , 1984
Materias:
Etiquetas: Agregar Etiqueta
Sin Etiquetas, Sea el primero en etiquetar este registro!
LEADER 00713nam a22001935a 4500
001 CEM.cems001545
005 20060214000000.0
008 130507s1984##################000#0#####d
003 CEMS
082 0 4 |a 330.9519 
100 1 |a Centro De Comercio Internacional Unctad Gatt 
245 1 0 |a Logros de la república de corea en materia de exportación, 1961-1982 / 
260 |a Ginebra :  |b ,  |c 1984 
300 |a 122 p. 
505 0 |a Desarrolla tambien las tendencias económicas de los siguientes paises: Argentina, Brasil, Chile, Colombia, Mexico, Venezuela y Peru 
653 |a Corea 
653 |a Economia coreana 
653 |a Exportaciones-corea-1961/1982 
859 |a CEMS  |b BIB. CEMS - 11 de abril  |h 330.9519  |i C333  |p 12067.83  |t Ej.1